000 00453nam a2200181Ia 4500
001 20984
005 20260306172846.0
008 260306t2016||||xx |||||||||||||| ||spa||
041 _aESP
082 _a343.82
_bA47
100 _aAlva Matteucci, Mario
_eAUT
245 0 _aGastos deducibles:
_btratamiento tributario y contable
260 _c2016
300 _a360 páginas :
_c25 cm.
650 _aGEN
654 _aCCO
942 _cLIB
_dJUS
_fJUS
_2ddc
_n
999 _c20984
_d20984